Artificial Intelligence for Cybersecurity: develop AI approaches to solve cybersecurity problems in your organization (Record no. 9599)
[ view plain ]
| 000 -LEADER | |
|---|---|
| fixed length control field | 00674nam a22002177a 4500 |
| 003 - CONTROL NUMBER IDENTIFIER | |
| control field | OSt |
| 005 - DATE AND TIME OF LATEST TRANSACTION | |
| control field | 20251124125203.0 |
| 008 - FIXED-LENGTH DATA ELEMENTS--GENERAL INFORMATION | |
| fixed length control field | 251124b |||||||| |||| 00| 0 eng d |
| 020 ## - INTERNATIONAL STANDARD BOOK NUMBER | |
| International Standard Book Number | 978-1805124962 |
| 020 ## - INTERNATIONAL STANDARD BOOK NUMBER | |
| International Standard Book Number | 9781805124964 |
| 040 ## - CATALOGING SOURCE | |
| Transcribing agency | DDC |
| 082 ## - DEWEY DECIMAL CLASSIFICATION NUMBER | |
| Classification number | 006.1 ART 2024 |
| 100 ## - MAIN ENTRY--PERSONAL NAME | |
| Personal name | Kolosnjaji, Bojan; [et...al] |
| 9 (RLIN) | 19532 |
| 245 ## - TITLE STATEMENT | |
| Title | Artificial Intelligence for Cybersecurity: develop AI approaches to solve cybersecurity problems in your organization |
| 260 ## - PUBLICATION, DISTRIBUTION, ETC. (IMPRINT) | |
| Place of publication, distribution, etc. | US; |
| Name of publisher, distributor, etc. | Wiley, 2024 |
| 300 ## - PHYSICAL DESCRIPTION | |
| Extent | xv,255p.; Ill: 22cm |
| 504 ## - BIBLIOGRAPHY, ETC. NOTE | |
| Bibliography, etc | References, & Index included |
| 650 ## - SUBJECT ADDED ENTRY--TOPICAL TERM | |
| Topical term or geographic name as entry element | Artificial Intelligence |
| 9 (RLIN) | 493 |
| 650 ## - SUBJECT ADDED ENTRY--TOPICAL TERM | |
| Topical term or geographic name as entry element | Cybersecurity |
| 9 (RLIN) | 19533 |
| 942 ## - ADDED ENTRY ELEMENTS (KOHA) | |
| Source of classification or shelving scheme | Dewey Decimal Classification |
| Koha item type | Open Shelf |
| Withdrawn status | Lost status | Source of classification or shelving scheme | Damaged status | Not for loan | Home library | Current library | Date acquired | Source of acquisition | Inventory number | Total Checkouts | Full call number | Barcode | Date last seen | Koha item type |
|---|---|---|---|---|---|---|---|---|---|---|---|---|---|---|
| Dewey Decimal Classification | Main Kihumuro Campus | Main Kihumuro Campus | 24/11/2025 | Purchase | 25/42499 | 006.1 ART 2024 | 2025-0202 | 24/11/2025 | Open Shelf | |||||
| Dewey Decimal Classification | Main Kihumuro Campus | Main Kihumuro Campus | 24/11/2025 | Purchase | 25/42500 | 006.1 ART 2024 | 2025-0203 | 24/11/2025 | Open Shelf |
